000 00387nam a2200157Ia 4500
020 _a(pbk)
082 _a297
_bISL
245 _aIslam our choice:
_bimpressions of revert's to Islam
250 _a2nd ed.
260 _aIslamabad:
_bDa'wah Academy,
_c1989
300 _a53p.
526 _a0
_b0
_c0
_d297_000000000000000_ISL
650 _aIslam
650 _aMCE
_9379
942 _2ddc
_cBK
999 _c542144
_d542144